000 00298nam a22001337a 4500
008 171214b xxu||||| |||| 00| 0 eng d
020 _a9780072418378
041 _aeng
080 _a33
100 _a52
101 _aEKO
245 _aCLASSIC READINGS IN ECONOMICS
_cCOLANDER,D
942 _2udc
_cBK
999 _c38902
_d38902